Memories of distant mountain (Record no. 114828)

MARC details
000 -LEADER
fixed length control field 00403 a2200157 4500
005 - DATE AND TIME OF LATEST TRANSACTION
control field 20260417115026.0
008 - FIXED-LENGTH DATA ELEMENTS--GENERAL INFORMATION
fixed length control field 260131b |||||||| |||| 00| 0 eng d
020 ## - INTERNATIONAL STANDARD BOOK NUMBER
International Standard Book Number 9780143470052
080 ## - UNIVERSAL DECIMAL CLASSIFICATION NUMBER
Universal Decimal Classification number 820-94
Item number PAM/M
100 ## - MAIN ENTRY--PERSONAL NAME
Personal name Pamuk ,Orhan
245 ## - TITLE STATEMENT
Title Memories of distant mountain
260 ## - PUBLICATION, DISTRIBUTION, ETC. (IMPRINT)
Name of publisher, distributor, etc Penguin books.
Place of publication, distribution, etc India.
Date of publication, distribution, etc 2024.
300 ## - PHYSICAL DESCRIPTION
Extent 377p.
653 ## - INDEX TERM--UNCONTROLLED
Uncontrolled term Memoir-English Literature
942 ## - ADDED ENTRY ELEMENTS (KOHA)
item type Under processing
Holdings
Lost status Source of classification or shelving scheme Not for loan Home library Current library Shelving location Date acquired Cost, normal purchase price Total Checkouts Full call number Barcode Date last seen Cost, replacement price Price effective from Koha item type
  Universal Decimal Classification Not For Loan University Library University Library On Display 17/03/2025 1039.20   820-94 PAM/M 00097166 17/03/2025 1299.00 17/03/2025 Books
University Library, CUSAT